Most Streamed Fleetwood Mac Songs - Statistics

General Stats
  • This quiz has been taken 143 times
  • The average score is 12 of 22
Answer Stats
Streams Song % Correct
1,813,312,377 Dreams
91%
1,189,155,362 The Chain
85%
1,049,870,784 Go Your Own Way
84%
747,392,255 Landslide
77%
482,105,472 Rhiannon
70%
383,674,262 Gypsy
62%
477,294,859 Little Lies
61%
417,571,929 Don't Stop
60%
995,296,378 Everywhere
57%
149,903,172 Silver Springs
57%
104,679,543 Tusk
55%
222,917,247 You Make Loving Fun
52%
135,749,945 Gold Dust Woman
45%
131,976,010 Songbird
43%
127,573,688 Sara
42%
121,264,864 Second Hand News
39%
148,491,870 Seven Wonders
39%
325,688,114 Never Going Back Again
34%
120,179,339 Say You Love Me
34%
94,013,968 Big Love
29%
80,957,172 Hold Me
22%
93,422,830 I Don't Want to Know
16%
No matching quizzes found
Score Distribution
Percent of People with Each Score
Percentile by Number Answered
Your Score History
You have not taken this quiz